Kommunikatives Verhalten politischer Spitzen bakalárska práca

Uložené v:
Podrobná bibliografia
Hlavný autor: Lečko, Pavol
Korporativný autor: Fakulta aplikovaných jazykov EU v Bratislave. Katedra interkultúrnej komunikácie
Ďalší autori: Helmová, Milena, 1954-
Médium: Kniha
Jazyk:German
Vydavateľské údaje: Bratislava 2021
Tagy: Pridať tag
Žiadne tagy, Buďte prvý, kto otaguje tento záznam!

MARC

LEADER 00000nbm a2200000 4500
001 0278124
005 20220216093508.2
041 0 |a ger 
044 |a SK 
245 1 0 |a Kommunikatives Verhalten politischer Spitzen  |b bakalárska práca  |c Pavol Lečko ; školiteľ: Milena Helmová 
264 1 |a Bratislava  |c 2021 
300 |a 48 s. 
100 1 |a Lečko, Pavol 
700 1 |a Helmová, Milena, 1954- 
710 2 |a Fakulta aplikovaných jazykov EU v Bratislave. Katedra interkultúrnej komunikácie